Azok a mézes, szép napok- mézfesztiválon jártunk Inámban

Bibliographic Details
Main Author: Csepécz, Szilvia M., 1965-2011 (Author)
Format: Article
Language:Hungarian
PhysicalDescription:Fotogr.
Subjects:

MARC

LEADER 00000nab a2200000 a 4500
001 vtls000884967
003 SK-MaSNL
005 20260318123930.0
008 160405c2004 xo 0 hun
015 |a SNBRB2004/09-27710 
035 |a CLN000236417 
040 |a SNKBUCL  |b slo  |c SNKBUCL  |e AACR2 
041 0 |a hun 
044 |a xo  |c SK 
080 |a 394.4:638.16  |2 1997 
080 |a 638.16  |2 1997 
100 1 |a Csepécz, Szilvia M.,  |d 1965-2011  |4 aut  |9 49646 
245 1 0 |a Azok a mézes, szép napok-  |b mézfesztiválon jártunk Inámban  |c M. Csepécz Szilvia 
300 |b Fotogr. 
611 1 7 |a Festival medu  |n 5.  |d 2004  |c Dolinka, Slovensko  |2 snkbucl  |9 1270706 
651 7 |a 610  |2 snkbucl  |9 370000 
655 7 |a články z novín a časopisov  |2 snkbucl  |9 267496 
773 0 |t Vasárnap  |g Roč. 37, č. 35 (2004), s. 36-37 
850 |a Slovenská národná knižnica v Martine 
852 |a SNK  |b KIS3GCP 
958 |a HU 
958 |a SK 
999 |c 2516495  |d 2518425